Análisis y diseño de experimentos

Bibliographic Details
Main Authors: Gutiérrez Pulido, Humberto, Vara Salazar, Román de la
Format: Section = Libro
Language:Undetermined
Spanish
Published: México McGraw-Hill 2012
Edition:3a. ed.
Subjects:
LEADER 00716nam a2200253Ia 4500
008 240830s9999 xx 000 0 und d
020 |a 978-607-15-0725-9 
040 |a CEDOC FIQ-RUSB / 519.53 G984 
041 |a spa 
082 |a 519.53 G984 
100 1 |a Gutiérrez Pulido, Humberto 
100 1 |b  Vara Salazar, Román de la 
245 1 0 |a Análisis y diseño de experimentos 
250 |a 3a. ed. 
260 |a México  |b McGraw-Hill  |c 2012 
300 |a 489 p. :il 
650 7 |a ANALISIS DE VARIANZA 
650 7 |b  DISEÑO EXPERIMENTAL - INDUSTRIA 
650 7 |c  INFERENCIA ESTADISTICA 
650 7 |d  ANALISIS FACTORIAL 
650 7 |e  ANALISIS DE REGRESION 
942 |c BK  |2 ddc 
991 |a TEXTO 
999 |c 13096